| 000 | | | 05511nmc2a22002653x 450 |
| 001 | | | 8bafa360-3f11-4f80-807f-39acb307ad26 |
| 005 | | | 20241017050125.0 |
| 100 | ## | $a | 20240620l17991799k l0rusy0189 ca |
| 101 | 0# | $a | rus |
| 102 | ## | $a | RU |
| 105 | ## | $a | y### |
| 122 | 2# | $a | d |
| 200 | 1# | $a | Ведомости, получаемые из Рязанского приказа общественного призрения, о состоянии народных училищ Рязанской губернии за первую 1798 года половину и о публичном испытании |
| | $j | 5-17 августа 1799 г. |
| 215 | ## | $a | 30 л. |
| | $d | 36,5х26 см |
| 251 | ## | $c | Дело |
| 300 | ## | $a | Губернский предводитель Николай [Апухтин]; регистратор Григорий Иванов |
| 300 | ## | $a | Ориг. заголовок дела: Дело в Главное училищное правительство из Рязанского приказа общественного призрения. При донесении директор народных училищ, господин статский советник Иона Шипилов представил сочиненную им по силе высочайшего о народных училищах устава, 6 главы 71 статьи из поданных к нему местного Главного народного училища от учителей, из присланных через смотрителей от учителей уездных школ рапортов и списков об открытых испытаниях и о состоянии всех в ведении находящихся народных и домашних училищ ведомость, по образцу под №7, для отсылки в это Училищное правительство. В Рязанском приказе общественного призрения определено: оставив с той ведомости в приказе копию, а подлинную препроводить в это Училищное правительство при сообщении, которая при этом и посылается. 5 августа 1798 г. - 17 августа 1798 г |
| 371 | ## | $a | Документ не является опубликованным и широко распространяемым |
| 461 | #0 | $1 | 00174716ac7-ef0a-4ce9-889f-df06b5c6e13c |
| | $1 | 2001 |
| | $a | Комиссия об учреждении народных училищ |
| | $1 | 251 |
| | $c | Фонд |
| | $1 | 852 |
| | $j | 730 |
| 462 | #0 | $1 | 001e6616291-8022-4671-9001-59f853d67170 |
| | $1 | 2001 |
| | $a | Журналы заседаний и определения Комиссии; ведомости приказов общественного призрения о состоянии и бюджете училищ, учителях, успехах учеников |
| | $1 | 251 |
| | $c | Опись |
| | $1 | 852 |
| | $j | 2 |
| 517 | 1# | $a | Дело в Главное училищное правительство из Рязанского приказа общественного призрения. При донесении директор народных училищ, господин статский советник Иона Шипилов представил сочиненную им по силе высочайшего о народных училищах устава, 6 главы 71 статьи из поданных к нему местного Главного народного училища от учителей, из присланных через смотрителей от учителей уездных школ рапортов и списков об открытых испытаниях и о состоянии всех в ведении находящихся народных и домашних училищ ведомость, по образцу под №7, для отсылки в это Училищное правительство. В Рязанском приказе общественного призрения определено: оставив с той ведомости в приказе копию, а подлинную препроводить в это Училищное правительство при сообщении, которая при этом и посылается. 5 августа 1798 г. - 17 августа 1798 г |
| 801 | #0 | $a | RU |
| | $b | РГИА |
| | $c | 20240620 |
| | $g | RCR |
| 801 | #1 | $a | RU |
| | $b | ГлавНИВЦ |
| | $c | 20240620 |
| | $2 | rusmarc |
| 801 | #2 | $a | RU |
| | $b | ПБ им. Б.Н. Ельцина |
| | $c | 20241017 |
| | $g | RCR |
| | $2 | rusmarc |
| 850 | ## | $a | РГИА |
| 852 | ## | $a | РГИА |
| | $e | Федеральное казенное учреждение "Российский государственный исторический архив" (РГИА) |
| | $j | 703 |
| 937 | ## | $h | РГИА |
| | $d | 12412849 |
| | $a | ASBIBLIO_SCAN |
| 035 | ## | $a | RusGRCC00077834 |
| 856 | ## | $u | http://readingroom.main.prlib.ru/item.aspx?id_node=n194353231&mode=full |